书目信息 |
| 题名: |
老上海名宅赏析
|
|
| 作者: | 娄承浩 编著 | |
| 分册: | ||
| 出版信息: | 上海 同济大学出版社 2003.07 |
|
| 页数: | 175页 | |
| 开本: | 24cm | |
| 丛书名: | ||
| 单 册: | ||
| 中图分类: | TU-092.6 | |
| 科图分类: | ||
| 主题词: | 住宅--建筑艺术--上海--近代--图集 , 住宅 , 建筑艺术 | |
| 电子资源: | ||
| ISBN: | 7-5608-2646-6 | |
| 000 | 00648nam0 2200229 45 | |
| 001 | 012004000000 | |
| 005 | 20050117143836.29 | |
| 010 | @a7-5608-2646-6@dCNY 28.00 | |
| 100 | @a20040824d2003 em y0chiy0121 ea | |
| 101 | 0 | @achi |
| 102 | @aCN@b310000 | |
| 105 | @aaf z 000yy | |
| 200 | 1 | @a老上海名宅赏析@Alao shang hai ming zhai shang xi@f娄承浩编著 |
| 210 | @a上海@c同济大学出版社@d2003.07 | |
| 215 | @a175页@c图@d24cm | |
| 606 | 0 | @a住宅@x建筑艺术@y上海@z近代@j图集 |
| 606 | 0 | @a住宅 |
| 606 | 0 | @a建筑艺术 |
| 690 | @aTU-092.6@v4 | |
| 701 | 0 | @a娄承浩@Alou cheng hao@4编著 |
| 801 | 0 | @aCN@bQSSKt@c20050117 |
| 905 | @a10447@dTU-092.6@eL773 | |
| 老上海名宅赏析/娄承浩编著.-上海:同济大学出版社,2003.07 |
| 175页:图;24cm |
| ISBN 7-5608-2646-6:CNY 28.00 |
| ● |
| 相关链接 |
|
|
|
正题名:老上海名宅赏析
索取号:TU-092.6/L773
 
预约/预借
| 序号 | 登录号 | 条形码 | 馆藏地/架位号 | 状态 | 备注 |
| 1 | 422727 | 204227274 | 建筑库101/101建筑库 8排1列3层/ [索取号:TU-092.6/L773] | 在馆 | |
| 2 | 438385 | 204383853 | 建筑库101/101建筑库 8排1列3层/ [索取号:TU-092.6/L773] | 在馆 | |
| 3 | 438386 | 204383862 | 建筑库101/101建筑库 7排4列4层/ [索取号:TU-092.6/L773] | 在馆 | |
| 4 | 438387 | 204383871 | 自科二线404/404自科库 3排3列3层/ [索取号:TU-092.6/L773] | 在馆 |